O que há de África em nós (Record no. 10709)

MARC details
000 -LÍDER
campo de controle de tamanho fixo 00378 a2200157 4500
001 - NÚMERO DE CONTROLE
campo de controle 10709
020 ## - ISBN - INTERNATIONAL STANDARD BOOK NUMBER
ISBN - International Standard Book Number 9788516084769
040 ## - FONTE DA CATALOGAÇÃO
Instituição que transcreveu o registro Anchieta - Aquarius
100 ## - ENTRADA PRINCIPAL--NOME PESSOAL
Nome pessoal Albuquerque, Wlamyra R. de
240 10 - TÍTULO UNIFORME
Título uniforme O que há de África em nós
Idioma da obra por
245 10 - TÍTULO
Título O que há de África em nós
300 ## - DESCRIÇÃO FÍSICA
Extensão
362 0# - DATAS DE PUBLICAÇÃO E/OU DESIGNAÇÃO SEQUENCIAL
Datas de publicação e/ou designação sequencial 2013
650 #4 - ASSUNTO--TERMO TÓPICO
Cabeçalho tópico ou nome geográfico Literatura infanto-juvenil
942 ## - ELEMENTOS DE ENTRADA ADICIONADOS (KOHA)
Tipo de material Koha Livros
Holdings
Situação do descarte Situação das perdas Situação física Não pode ser emprestado Biblioteca de origem Biblioteca atual Data de aquisição Total de empréstimos Número de chamada completo Código de barras Data de último acesso Data do preço efetivo Tipo de material Koha Fonte da classificação ou esquema de arquivamento na estante Data do último empréstimo Número do exemplar
        Colégio Anchieta - Aquarius Colégio Anchieta - Aquarius 21/11/2023   028.5 ALB OQU 1043/AQU 21/11/2023 21/11/2023 Livros      
        Colégio Anchieta - Aquarius Colégio Anchieta - Aquarius 21/11/2023   028.5 ALB OQU 5650/AQU 21/11/2023 21/11/2023 Livros      
        Colégio Anchieta - Bela Vista Colégio Anchieta - Bela Vista 21/11/2023   LJ 028.5 A345o ALB OQU 280/BEL 21/11/2023 21/11/2023 Livros      
        Colégio São Paulo Colégio São Paulo 22/11/2023   LI 028.5 A345q 6603/CSP 22/11/2023 22/11/2023 Livros      
        Leonardo Da Vinci - Alphaville 2 Leonardo Da Vinci - Alphaville 2 27/03/2024   028.5 A345q 2A1315 27/03/2024 27/03/2024 Livros      
        Portinari - Salvador Portinari - Salvador 29/04/2024 2 028.5 A345q 9788563219107/CCP 05/06/2024 29/04/2024 Livros   29/05/2024 Ex. 1